Statistical supplement to the annual reports of the Coordinating Board, Texas College and University System.

Bibliographic Details
New Title:Texas Higher Education Coordinating Board. Statistical supplement to the annual report
Corporate Author: Coordinating Board, Texas College and University System
Format: Government Document Serial
Language:English
Published: Austin, Tex. : The Board, [between 1900 and 1999-1985]
Subjects:
Online Availability: Check for online availability

MARC

Tag First Indicator Second Indicator Subfields
LEADER 00000cas a2200000 a 4500
001 in00001069406
005 20150929095703.0
008 770815d19uu1985txuar1 s s0uuua0eng d
010 |a  74648444  
012 |a 3  |b 0  |j 0  |l 1 
019 |a 7670230 
022 0 |a 0095-3512 
035 |a (OCoLC)03187868 
035 |9 AFN6059AM 
040 |a NSD  |c NSD  |d DLC  |d m.c.  |d NSD  |d OCL  |d IKM  |d UtOrBLW 
042 |a nsdp  |a lc 
043 |a n-us-tx 
049 |a IKMD 
086 |a C3400.3 An78s  |2 txdocs 
099 9 |a C3400.3  |a An78s 
110 2 |a Coordinating Board, Texas College and University System. 
245 1 0 |a Statistical supplement to the annual reports of the Coordinating Board, Texas College and University System. 
246 1 0 |a Statistical supplement to the annual report of the coordinating board, Texas college and university system for fiscal year... 
246 1 0 |a Statistical supplement  
246 1 0 |a Statistical supplement to the annual report 
264 1 |a Austin, Tex. :  |b The Board,  |c [between 1900 and 1999-1985] 
300 |a volumes ;  |c 22-28 cm. 
310 |a Annual  |b 1973-1985 
321 |a Biennial  |b 19 -1972 
336 |a text  |b txt  |2 rdacontent 
337 |a unmediated  |b n  |2 rdamedia 
338 |a volume  |b nc  |2 rdacarrier 
362 1 |a Ceased with Fiscal year 1985. 
500 |a Title varies slightly. 
500 |a Volumes for 1973-1985: 22 x 28 cm. 
515 |a Report year ends Aug. 31. 
580 |a Supplement to: Coordinating Board, Texas College and University System. Annual report of the Coordinating Board, Texas College and University System to the Honorable ... Governor of Texas and the Legislature of the state of Texas. 
580 |a Continued by: Statisical supplement to the annual report issued by the board under its later name: Texas Higher Education Coordinating Board. 
650 0 |a Universities and colleges  |z Texas  |x Statistics  |x Periodicals. 
650 0 |a State universities and colleges  |z Texas  |x Statistics  |x Periodicals. 
772 1 |a Coordinating Board, Texas College and University System.  |t Annual report of the Coordinating Board, Texas College and University System to the Honorable ... Governor of Texas and the Legislature of the state of Texas  |w (OCoLC)3220848 
785 1 0 |a Texas Higher Education Coordinating Board.  |t Statistical supplement to the annual report  |w (OCoLC)18420066 
999 |a MARS 
999 f f |s 64bfe492-f4e0-3412-a30c-3eb8e2558ff5  |i bc30891b-b4c5-3baa-b694-456a03d57ac8  |t 0 
952 f f |p normal  |a Texas A&M University  |b College Station  |c Sterling C. Evans Library  |d Evans: Texas Documents (Annex 5th floor)  |t 0  |e C3400.3 An78s  |h Superintendent of Documents classification  |i unmediated -- volume  |l 1980  |m A14822733383 
952 f f |p normal  |a Texas A&M University  |b College Station  |c Sterling C. Evans Library  |d Evans: Texas Documents (Annex 5th floor)  |t 0  |e C3400.3 An78s  |h Superintendent of Documents classification  |i unmediated -- volume  |l 1973-1975  |m A14827145632 
952 f f |p normal  |a Texas A&M University  |b College Station  |c Sterling C. Evans Library  |d Evans: Texas Documents (Annex 5th floor)  |t 0  |e C3400.3 An78s  |h Superintendent of Documents classification  |i unmediated -- volume  |l 1983-1985  |m A14814875676 
952 f f |p normal  |a Texas A&M University  |b College Station  |c Sterling C. Evans Library  |d Evans: Texas Documents (Annex 5th floor)  |t 0  |e C3400.3 An78s  |h Superintendent of Documents classification  |i unmediated -- volume  |l 1976-1978  |m A14814875579 
952 f f |p normal  |a Texas A&M University  |b College Station  |c Sterling C. Evans Library  |d Evans: Texas Documents (Annex 5th floor)  |t 0  |e C3400.3 An78s  |h Superintendent of Documents classification  |i unmediated -- volume  |l 1979-1982  |m A14814875626 
998 f f |a C3400.3 An78s  |s 1973-1985  |t 0  |l Evans: Texas Documents (Annex 5th floor)